Úvaha nad ekonomickým rastom z aspektov vplyvu na rozvoj človeka a prosperitu spoločnosti

Úvaha, ktorá je zameraná len na základné východiská a vybrané súvislosti ekonomického rastu a rozvoja. Stručne uvádza problém zdrojov a faktorov ekonomického rastu, ktoré sa môžu zmeniť aj na jeho bariéru. Súčasné diskusie opomínajú otázky zmysluplnosti ekonomického rastu, bez snahy analyzovať a ven...

Descrizione completa

Salvato in:
Dettagli Bibliografici
Autore principale: Blašková, Mária
Natura: Capitolo di libro
Lingua:slovacco
Soggetti:
Tags: Aggiungi Tag
Nessun Tag, puoi essere il primo ad aggiungerne!!

MARC

LEADER 00000nla$a2200000$$$4500
001 0120773
005 20240502072351.8
041 0 |a slo 
044 |a SK 
245 1 0 |a Úvaha nad ekonomickým rastom z aspektov vplyvu na rozvoj človeka a prosperitu spoločnosti  |c Mária Blašková 
520 |a Úvaha, ktorá je zameraná len na základné východiská a vybrané súvislosti ekonomického rastu a rozvoja. Stručne uvádza problém zdrojov a faktorov ekonomického rastu, ktoré sa môžu zmeniť aj na jeho bariéru. Súčasné diskusie opomínajú otázky zmysluplnosti ekonomického rastu, bez snahy analyzovať a venovať pozornosť jeho vplyvu na človeka a prosperitu spoločnosti. 
610 2 0 |a rast hospodársky 
610 2 0 |a produkt domáci hrubý 
610 2 0 |a politika hospodárska 
610 2 0 |a Slovensko 
100 1 |a Blašková, Mária